00510 2200169 4500001002100000005001500021008004100036035001900077041000700096082001000103090001600113100001900129245011000148260004000258300001800298650002400316INLIS00000000001312720241224114509241224||||||||| | ||| |||| || |  0010-1224013127 aid0 a354.1 a354.1 DJA L0 aACHMAD DJAJULI00alAHIRNYA WAWASAN NUSANTARA SERTA UPAYA PELESTRAIAN NILAI NILAI BAGIB KELANGSUNGAN HIDUP BANGSA DAN NEGARA aJakartabEdita Serangkai Jayac1993 a80hlm;14x21cm 0aadministrasi negara